00422nam a2200157Ia 4500003000400000005001700004008004100021020001800062040000900080082001800089100002100107245006500128260004700193300000900240650001500249OSt20210127122412.0190216s9999||||xx |||||||||||||| ||und|| a9788125916116 coclc a153.43bTHO/G aThorpe, Showick  0aGeneral Intelligence And Test Of Reasoning /cShowick Thorpe bVikas Publishing House,c2007.aNew Delhi: a623p aReferences